MAPA AZJI - Statystyki

Ogólne statystyki
  • Ten quiz został rozwiązany 39 razy
  • Średni wynik to 19 z 45
Odpowiedzi na mapie
Odpowiedzi zakodowano w zielono-czerwonej skali na mapie do tego quizu, zgodnie z poniższymi procentami.
 
Statystyki odpowiedzi
Odpowiedź % Poprawnych
Chiny
86%
Mongolia
66%
Kazachstan
63%
Korea Północna
63%
Japonia
60%
Turcja
60%
Korea Południowa
57%
Indie
54%
Indonezja
54%
Iran
51%
Irak
49%
Gruzja
46%
Wietnam
46%
Afganistan
43%
Arabia Saudyjska
43%
Azerbejdżan
43%
Laos
43%
Oman
43%
Pakistan
43%
Tajlandia
43%
Izrael
40%
Jemen
40%
Malezja
40%
Rosja
40%
Sri Lanka
40%
Tajwan
40%
Armenia
37%
Bahrajn
37%
Bangladesz
37%
Uzbekistan
37%
Cypr
34%
Filipiny
34%
Kirgistan
34%
Singapur
34%
Tadżykistan
34%
Turkmenistan
34%
Zjednoczone Emiraty Arabskie
34%
Katar
31%
Birma/mjanma
29%
Nepal
29%
Kambodża
26%
Liban
23%
Bhutan
17%
Palestyna
17%
Brunei
14%
Nie znaleziono quizów pasujących do podanych kryteriów
Rozkład punktacji
Procent ludzi z każdym wynikiem
Percentyl według liczby udzielonych odpowiedzi
Twoja historia wyników
Nie rozwiązałeś tego quizu